[Event "EU-ch Small Nations 5th"]
[White "D'Amico, Nicola"]
[Black "Carpenter, Paul A"]
[Site "Andorra la Vella"]
[Round "4"]
[Result "0-1"]
[Date "2024.06.25"]
[WhiteElo "1832"]
[BlackElo "1969"]
[PlyCount "96"]
[EventDate "2024.06.23"]
[EventType "tourn"]
[EventRounds "9"]
[EventCountry "AND"]
[SourceTitle "CBM 220 Extra"]
[Source "ChessBase"]
[SourceDate "2024.07.31"]
[SourceVersion "1"]
[SourceVersionDate "2024.07.31"]
[SourceQuality "1"]

1. e4 d6 2. d4 Nf6 3. Nc3 Nbd7 4. f4 e5 5. fxe5 dxe5 6. dxe5 Nxe5 7. Qxd8+ Kxd8 8. Nf3 Nfd7 9. Nxe5 Nxe5 10. Bf4 Bd6 11. 0-0-0 Bd7 12. g3 Kc8 13. Nb5 Bxb5 14. Bxb5 f6 15. c4 a6 16. Ba4 Nxc4 17. Bxd6 Nxd6 18. e5 fxe5 19. Rhe1 e4 20. Rd5 b5 21. Bc2 Re8 22. Rd4 Re6 23. Bxe4 Nxe4 24. Rdxe4 Rxe4 25. Rxe4 Kd7 26. Rf4 Re8 27. Kd2 Re7 28. Rf8 Re8 29. Rf7+ Re7 30. Rf8 Kc6 31. Ra8 Kb7 32. Rf8 a5 33. Rf5 c6 34. Rf8 Kb6 35. Rb8+ Rb7 36. Rf8 g6 37. Rf4 Kc5 38. Rf8 Rd7+ 39. Kc2 Re7 40. Kd2 a4 41. a3 Kc4 42. Rf4+ Kb3 43. Rb4+ Ka2 44. h4 Rb7 45. Kc2 Rf7 46. g4 Rf2+ 47. Kc3 Rh2 48. g5 Rg2 0-1

[Event "EU-ch Small Nations 5th"]
[White "D'Amico, Nicola"]
[Black "Frick, Renato"]
[Site "Andorra la Vella"]
[Round "1"]
[Result "0-1"]
[Date "2024.06.23"]
[WhiteElo "1832"]
[BlackElo "1907"]
[PlyCount "89"]
[EventDate "2024.06.23"]
[EventType "tourn"]
[EventRounds "9"]
[EventCountry "AND"]
[SourceTitle "CBM 220 Extra"]
[Source "ChessBase"]
[SourceDate "2024.07.31"]
[SourceVersion "1"]
[SourceVersionDate "2024.07.31"]
[SourceQuality "1"]

1. e4 e5 2. Nf3 Nc6 3. Bc4 Bc5 4. 0-0 Nf6 5. d3 d6 6. Bg5 h6 7. Bh4 g5 8. Nxg5 hxg5 9. Bxg5 Rg8 10. h4 Bg4 11. Qd2 Nd4 12. c3 Ne6 13. Bxe6 Bxe6 14. d4 exd4 15. cxd4 Nxe4 16. Bxd8 Nxd2 17. Nxd2 Bxd4 18. Bxc7 Kd7 19. Nf3 Bf6 20. Rac1 Rac8 21. Ba5 Bxb2 22. Rb1 Rc2 23. Ne1 Bd5 24. g3 Re2 25. Nd3 Bd4 26. Nf4 Rxa2 27. Nxd5 Rxa5 28. Rxb7+ Ke6 29. Nf4+ Kf6 30. Kg2 Ra2 31. Rd7 Be5 32. Kf3 Ra3+ 33. Ke4 Re8 34. Rb7 Bb2+ 35. Kd5 Re5+ 36. Kxd6 Ra6+ 37. Kc7 Re7+ 38. Kc8 Rc6+ 39. Kd8 Rxb7 40. Nd5+ Kg7 41. f4 Rc5 42. Rd1 a5 43. f5 a4 44. f6+ Bxf6+ 45. Nxf6 0-1

[Event "Chioggia op-B 15th"]
[White "Ballarin, Gabriele"]
[Black "D'Amico, Nicola"]
[Site "Chioggia"]
[Round "5"]
[Result "1-0"]
[Date "2022.10.02"]
[WhiteElo "1824"]
[BlackElo "1666"]
[PlyCount "77"]
[EventDate "2022.09.30"]
[EventType "swiss"]
[EventRounds "5"]
[EventCountry "ITA"]
[SourceTitle "EXT 2024"]
[Source "ChessBase"]
[SourceDate "2023.10.10"]
[SourceVersion "1"]
[SourceVersionDate "2023.10.10"]
[SourceQuality "1"]

1. e4 e5 2. Nf3 Nf6 3. d3 d5 4. Nbd2 Nc6 5. c3 Be7 6. Be2 0-0 7. 0-0 Re8 8. Re1 h6 9. Qc2 Bf8 10. Bf1 Bg4 11. h3 Bh5 12. g3 Qd6 13. Nh4 Rad8 14. g4 Bg6 15. Nxg6 fxg6 16. a3 h5 17. g5 Nd7 18. b4 d4 19. c4 Be7 20. c5 Qe6 21. Nf3 Rf8 22. Kg2 Rf7 23. Qa2 Qxa2 24. Rxa2 Rdf8 25. Be2 Kh7 26. Bd1 Ra8 27. Bb3 Rff8 28. Bd2 a5 29. Rea1 b5 30. Bd5 Ra6 31. h4 a4 32. Rf1 Nd8 33. Rc2 c6 34. Ba2 Ra8 35. Bc1 Nb7 36. Be6 Rxf3 37. Kxf3 Nf8 38. Bh3 Bd8 39. Ke2 1-0